000 00453nam a2200181Ia 4500
001 5031
005 20260306145838.0
008 260306t2021||||xx |||||||||||||| ||spa||
041 _aESP
082 _a332.6725
_bR24
100 _aRamos Romero, Gabriela del Pilar
_eAUT
245 0 _aTratamiento tributario de obras por impuesto
260 _c2021
300 _a30 páginas :
_c24 cm.
650 _aGEN
654 _aCAN
942 _cLIB
_dJUS
_fJUS
_2ddc
_n
999 _c5031
_d5031